00506nam a2200169 a 450000100100000000500170001000800410002702000150006804000250008308200200010810000300012824500390015826000750019730000200027265000210029265000230031300001888120200929165856.0100520s1996 mx r 000 p spa d a9682987717 aDO-SdBNPbspacBNPHU aCH861.44bL227d1 aLihn, Enrique,d1929-198810aDiariod de muerte /cEnrique Lihn. aMéxico D. F. :bConsejo Nacional Para la Cultura y las Artes,c1996. a74 p. ;c21 cm. 4aPoesía chilena 4aLiteratura chilena